Datum a čas kvízu
22
Celkem bodů
Celkový počet nahraných bodů na tomto kvízu bez doplňovacích otázek.
8.
Pořadí na kvízu
Konečné umístění týmu na tomto kvízu.
Zaznamenané odpovědi
| # | Otázka | Odpověď | Body | Výsledky |
|---|---|---|---|---|
| 1. | Nejsledovanějším, nejprestižně... | Jedlovou | 0 | |
| 2. | V Severní Koreji zavedli nový... | ruský jazyk | 0 | |
| 3. | Že fanoušci často žádají o aut... | A | 1 | |
| 4. | Která automobilka představila... | Škoda Auto | 0 | |
| 5. | V sobotu začala nová biatlonov... | v Östersundu | 0 | |
| 6. | Seřaďte tyto ostrovy dle rozlo... | 1C 2A 3D 4B | 0 | |
| 7. | Nyní přiřaďte ostrovy ke států... | 1C 2B 3A 4D | 1 | |
| 8. | Kterému ostrovnímu středomořsk... | Malta | 1 | |
| 9. | Nyní si odskočíme ke kinematog... | Řek Zorba, Anthony Quinn | 0.5 | |
| 10. | Ke kterému středomořskému ostr... | Elba | 0 |